Nestor Leonelo Carbonell (Record no. 42454)
[ view plain ]
| 000 -LEADER | |
|---|---|
| campo de control de longitud fija | 00740nam a2200169 i 4500 |
| 001 - NÚMERO DE CONTROL | |
| campo de control | 42454 |
| 003 - IDENTIFICADOR DE NÚMERO DE CONTROL | |
| campo de control | ES-MaACL |
| 005 - FECHA Y HORA DE LA ÚLTIMA TRANSACCIÓN | |
| campo de control | 20230906160621.0 |
| 007 - CAMPO FIJO DE DESCRIPCIÓN FÍSICA--INFORMACIÓN GENERAL | |
| campo de control de longitud fija | t| |
| 008 - DATOS DE LONGITUD FIJA--INFORMACIÓN GENERAL | |
| campo de control de longitud fija | 030328s1950 cu ||||1| spa d |
| 100 1# - ENTRADA PRINCIPAL--NOMBRE DE PERSONA | |
| Nombre de persona | Cortina, José Manuel. |
| 9 (RLIN) | 40941 |
| 245 10 - MENCIÓN DEL TÍTULO | |
| Título | Nestor Leonelo Carbonell |
| Resto del título | : discurso / |
| Mención de responsabilidad, etc. | pronunciado por el Dr. José Manuel Cortina el 22 de mayo de 1950 en los salones de la Asociación Nacional de Emigrados Revolucionarios Cubanos, con motivo de conmemorarse el natalicio de Néstor Leonelo Carbonell. |
| 260 ## - PUBLICACIÓN, DISTRIBUCIÓN, ETC. | |
| Lugar de publicación, distribución, etc. | La Habana : |
| Nombre del editor, distribuidor, etc. | [s.n., |
| Fecha de publicación, distribución, etc. | 1950] ( |
| Fabricante | Talls. Tip. de Editorial Lex) |
| 300 ## - DESCRIPCIÓN FÍSICA | |
| Extensión | 16 p. : |
| Otras características físicas | 1 retr. ; |
| Dimensiones | 24 cm. |
| 600 14 - PUNTO DE ACCESO ADICIONAL DE MATERIA--NOMBRE DE PERSONA | |
| Nombre de persona | Carbonell Figueroa, Néstor Leonelo. |
| 9 (RLIN) | 35060 |
| 852 ## - LOCALIZACIÓN | |
| Ubicación | ES-MaACL |
| Número de control de estantería | 1933-F-11 |
| Sublocalización o colección | R.32344 |
| Estatus retirado | Estado de pérdida | Estado de daño | No para préstamo | Colección | Biblioteca de origen | Biblioteca actual | Ubicación en estantería | Fecha de adquisición | Fuente de adquisición | Total de préstamos | Signatura topográfica completa | Código de barras | Visto por última vez | Precio de reemplazo | Tipo de ítem Koha |
|---|---|---|---|---|---|---|---|---|---|---|---|---|---|---|---|
| Colección de folletos | Biblioteca del Ateneo de Madrid | Biblioteca del Ateneo de Madrid | Depósito folletos | 17/01/2008 | 1933-F-11 | 1044682 | 23/02/2023 | 23/02/2023 | Folleto |
